| 000 | 00348nam a22001217a 4500 | ||
|---|---|---|---|
| 008 | 180607b xxu||||| |||| 00| 0 eng d | ||
| 041 | _aeng | ||
| 080 | _a043.3 | ||
| 100 | _a0 | ||
| 101 | _aMBE-MTH | ||
| 245 |
_aNjë qasje në menaxhimin e institucioneve shëndetësore publike: menaxhimi i kapacitetit në Q.K.U.K. _cBiblekaj,M |
||
| 942 |
_2udc _cBK |
||
| 999 |
_c46592 _d46592 |
||